000 01665cam a2200409 a 4500
999 _c124
_d124
001 20348603
003 OSt
005 20190726114549.0
008 180207s2004 ie 000 1 eng
010 _a 2017486360
020 _a0862788773 (pbk.)
020 _a9780862788773 (pbk.)
040 _aUKM
_beng
_cUKM
_dVP@
_dOCLCG
042 _aukscp
_alccopycat
082 0 4 _aFIC KOS
_222
100 1 _aKostick, Conor,
_d1964-
_eauthor
245 1 0 _aEpic /
_cConor Kostick.
260 _aDublin :
_bO'Brien Press,
_c2004.
300 _a315 pages ;
_c20 cm
336 _atext
_btxt
_2rdacontent
337 _aunmediated
_bn
_2rdamedia
338 _avolume
_bnc
_2rdacarrier
501 _aFrom the author of SAGA and EDDA
520 _aOn New Earth, Epic is not just a computer game, it's a matter of life and death. If you lose, you lose everything; if you win the world is yours for the taking. Seeking revenge for the unjust treatment of his parents, Erik subverts the rules of the game, and he and his friends are drawn into a world of power-hungry dangerous players. Suggested level: secondary.
650 0 _aComputer games
_vJuvenile fiction.
650 7 _aComputer games.
_2fast
_0(OCoLC)fst00872108
655 0 _aYoung adult fiction.
655 4 _aScience fiction.
655 4 _aYoung adult fiction.
655 7 _aFiction.
_2fast
_0(OCoLC)fst01423787
655 7 _aYoung adult works.
_2fast
_0(OCoLC)fst01726790
655 7 _aScience fiction.
_2gsafd
700 _aSahara, Tony
_eCover illustrator
906 _a7
_bcbc
_ccopycat
_d2
_encip
_f20
_gy-gencatlg
942 _2ddc
_cFIC